Song Lyrics: Rammstein - Giftig - Statistics

General Stats
  • This quiz has been taken 144 times
  • The average score is 107 of 176
Answer Stats
Text % Correct
Du
94%
du
94%
bist
89%
Gift
89%
so
89%
giftig
88%
und
85%
Und
85%
Ach
82%
zu
79%
ich
77%
die
73%
Die
73%
Im
71%
das
70%
ist
70%
Land
70%
Wasser
70%
der
67%
tief
65%
bekannt
62%
als
59%
Getier
59%
steckt
59%
es
58%
in
58%
schlief
58%
Ein
56%
mein
56%
nicht
56%
uns
56%
Zähne
56%
Doch
55%
doch
55%
mir
55%
nah
55%
viel
55%
Stachel
53%
Gefahr
52%
Gestochen
52%
gleich
52%
gut
52%
Kein
52%
Blut
50%
deine
50%
man
50%
neben
50%
war
50%
kann
48%
langsam
48%
seh
48%
darf
47%
Schön
47%
schon
47%
Zunge
47%
Alle
45%
Gebissen
45%
gibt
45%
Licht
45%
mich
45%
Rastlos
45%
sich
45%
weisses
45%
Bedrohlich
44%
gefangen
44%
keine
44%
Reviere
44%
spitzen
44%
dran
42%
durch
42%
find
42%
Gegenmittel
42%
ihre
42%
Ja
42%
liegt
42%
muss
42%
perfekt
42%
steif
42%
Alles
39%
irgendwie
39%
regen
39%
Tarnung
39%
um
39%
vergreifen
39%
Warnung
39%
getarnt
38%
wie
38%
Zeichen
38%
zum
38%
Arme
36%
bangen
36%
unberechenbar
36%
graben
35%
greifen
35%
legen
35%
Nächte
35%
sitzt
35%
strömt
35%
Nichts
33%
hällt
32%
Hinterlistig
32%
Wirst
26%
steifen
6%
gifitig
5%
No matching quizzes found
Score Distribution
Percent of People with Each Score
Percentile by Number Answered
Your Score History
You have not taken this quiz